[Event "African Junior Chess Championship 2022 - Open"]
[Site "Hotel Raya - Tichy - Bejaia "]
[Date "2022.11.13"]
[Round "1"]
[Board "1"]
[White "Brahami, Lamine"]
[Black "Oluka, Robert Mcligeyo"]
[Result "1-0"]
[WhiteElo "2210"]
[BlackElo "1786"]
[PlyCount "65"]
[EventDate "2022.11.13"]
[EventRounds "9"]
[EventCountry "ALG"]

1. d4 d5 2. c4 e6 3. Nc3 a6 4. cxd5 exd5 5. Nf3 Nf6 6. Bg5 Be7 7. e3 O-O 8. Bd3 c6
9. Qc2 Nbd7 10. O-O Re8 11. Rab1 h6 12. Bf4 Nh5 13. Be5 Nxe5 14. Nxe5 Nf6 15. f4
c5 16. Kh1 c4 17. Be2 b5 18. Bf3 b4 19. Ne2 Bd7 20. g4 Bd6 21. Rg1 Rc8 22. g5 Bxe5
23. dxe5 Ne4 24. Bxe4 dxe4 25. gxh6 g6 26. Rbd1 Qc7 27. Rd6 Re6 28. Rxe6 Bxe6 29.
Nd4 Qd7 30. Rg5 b3 31. axb3 cxb3 32. Qb1 Qd5 33. f5  1-0

[Event "African Junior Chess Championship 2022 - Open"]
[Site "Hotel Raya - Tichy - Bejaia "]
[Date "2022.11.13"]
[Round "1"]
[Board "2"]
[White "Bidi, Abdeljalil"]
[Black "Emmanuel, Joy Idara"]
[Result "1-0"]
[WhiteElo "1777"]
[BlackElo "2114"]
[PlyCount "115"]
[EventDate "2022.11.13"]
[EventRounds "9"]
[EventCountry "ALG"]

1. e4 c5 2. Nf3 d6 3. d4 cxd4 4. Nxd4 Nf6 5. Nc3 a6 6. Be2 e5 7. Nb3 Be6 8. f4 exf4
9. Bxf4 Nc6 10. Qd2 Be7 11. O-O-O Ne5 12. Nd4 Qc7 13. Nxe6 fxe6 14. Qd4 Rc8 15. Bxe5
dxe5 16. Qa4+ Qc6 17. Qxc6+ Rxc6 18. Rhf1 Bb4 19. Nb1 Ke7 20. Bf3 Rhc8 21. c3 b5
22. Kd2 Ba5 23. b4 Bb6 24. Rfe1 g5 25. g3 g4 26. Bg2 Ne8 27. Kc2 Nd6 28. Bf1 h5 29.
Kb3 Nf7 30. a4 bxa4+ 31. Kxa4 Ng5 32. Bxa6 R8c7 33. Bb5 Ra7+ 34. Kb3 Rc8 35. c4 Bd4
36. Re2 Ra1 37. Ra2 Rxa2 38. Kxa2 Nxe4 39. Rf1 Nd6 40. Na3 e4 41. c5 Nf5 42. Nc2
Bc3 43. Rf4 e3 44. Re4 Bd2 45. Bc4 Rc6 46. Bd5 Ra6+ 47. Kb3 Kf6 48. b5 Ra7 49. Rxe6+
Kg5 50. b6 Rd7 51. b7 Rd8 52. Be4 e2 53. Re5 Ba5 54. Rxf5+ Kh6 55. c6 Bb6 56. Rf7
Rb8 57. c7 Bxc7 58. Rxc7  1-0

[Event "African Junior Chess Championship 2022 - Open"]
[Site "Hotel Raya - Tichy - Bejaia "]
[Date "2022.11.13"]
[Round "1"]
[Board "3"]
[White "Mohamed Abderrahim, Taleb Mohamed"]
[Black "Nhamuave, Eleazar"]
[Result "1-0"]
[WhiteElo "2064"]
[BlackElo "1706"]
[PlyCount "104"]
[EventDate "2022.11.13"]
[EventRounds "9"]
[EventCountry "ALG"]

1. e4 e5 2. Nf3 Nc6 3. Nc3 Bc5 4. Nxe5 Bxf2+ 5. Kxf2 Nxe5 6. d4 Ng6 7. Be2 Qh4+ 8.
g3 Qd8 9. Rf1 d6 10. Kg1 Bh3 11. Rf2 Qd7 12. Bc4 Be6 13. Bxe6 fxe6 14. Bg5 N8e7 15.
Qe2 O-O-O 16. Rf7 Rdf8 17. Rxg7 Qe8 18. Qg4 Nc6 19. Nb5 Rf7 20. Rxf7 Qxf7 21. Rf1
Qd7 22. c3 a6 23. Na3 h5 24. Qf3 h4 25. Qf6 Rg8 26. Bxh4 Nxh4 27. Qxh4 Qg7 28. Qf6
Qg4 29. Qf3 Qh3 30. Qg2 Qh6 31. Nc2 Ne7 32. Qf2 Qh3 33. Ne3 Rh8 34. Qg2 Qh6 35. Rf3
Ng6 36. Nf1 Rg8 37. Rf6 Qg7 38. Qf2 e5 39. Rf7 Qh8 40. dxe5 Nxe5 41. Qf5+ Kb8 42.
Rh7 Nf3+ 43. Kh1 Qe5 44. Qxf3 Qb5 45. Kg1 Qxb2 46. h4 Qb6+ 47. Qf2 Qa5 48. Qd4 Qxa2
49. Rh8 a5 50. h5 b5 51. h6 Kb7 52. Rxg8 Qxg8  1-0

[Event "African Junior Chess Championship 2022 - Open"]
[Site "Hotel Raya - Tichy - Bejaia "]
[Date "2022.11.13"]
[Round "1"]
[Board "4"]
[White "Zouari, Mohanned"]
[Black "Karsten, Jan"]
[Result "0-1"]
[WhiteElo "1661"]
[BlackElo "2058"]
[PlyCount "67"]
[EventDate "2022.11.13"]
[EventRounds "9"]
[EventCountry "ALG"]

1. e4 c5 2. Nc3 d6 3. f4 g6 4. Nf3 Bg7 5. g3 Nc6 6. Bg2 Nf6 7. O-O O-O 8. d3 Rb8
9. a4 a6 10. h3 b5 11. axb5 axb5 12. g4 b4 13. Ne2 Nd7 14. f5 Bb7 15. Nf4 Nce5 16.
g5 Nxf3+ 17. Bxf3 Ne5 18. Bg2 Qd7 19. fxg6 hxg6 20. Qe2 Ra8 21. Bd2 e6 22. Qf2 Rxa1
23. Rxa1 Ra8 24. Qe1 Qe7 (24... Qe8 25. h4 Ba6 26. Kh1 b3 27. c4 Nc6 28. e5) 25.
h4 Ba6 26. Kh1 b3 27. c4 Nc6 28. e5 Bb7 29. Be3 Rxa1 30. Qxa1 dxe5 31. Qa4 exf4 32.
Bxf4 Bxb2 33. Bxc6 Bxc6+ 34. Qxc6  0-1

[Event "African Junior Chess Championship 2022 - Open"]
[Site "Hotel Raya - Tichy - Bejaia "]
[Date "2022.11.13"]
[Round "1"]
[Board "5"]
[White "Zane, Rayane"]
[Black "Adrar, Sofiane"]
[Result "1-0"]
[WhiteElo "2032"]
[BlackElo "1654"]
[PlyCount "63"]
[EventDate "2022.11.13"]
[EventRounds "9"]
[EventCountry "ALG"]

1. d4 Nf6 2. c4 e5 3. dxe5 Ng4 4. e4 Nxe5 5. f4 Ng6 6. Be3 Bb4+ 7. Nd2 Qe7 8. Qc2
a5 9. Ngf3 Nc6 10. c5 d6 11. cxd6 Bxd6 12. e5 f6 13. O-O-O Nb4 14. Qb1 fxe5 15. f5
Qf7 16. Bc4 Qxf5 17. Ne4 Qg4 18. Nfg5 Bf5 19. Rxd6 Bxe4 20. Qxe4 Qxe4 21. Re6+ Kd7
22. Nxe4 Nd3+ 23. Kc2 b5 24. Bxb5+ Kxe6 25. Bxd3 Nf4 26. Bc4+ Kd7 27. g3 Ne6 28.
Rd1+ Ke7 29. Ng5 Nd4+ 30. Bxd4 exd4 31. Rxd4 Rhf8 32. Re4+  1-0

[Event "African Junior Chess Championship 2022 - Open"]
[Site "Hotel Raya - Tichy - Bejaia "]
[Date "2022.11.13"]
[Round "1"]
[Board "6"]
[White "Abdellahi, Khaled Abdellahi"]
[Black "Hallal, Tarik"]
[Result "0-1"]
[WhiteElo "1629"]
[BlackElo "1890"]
[PlyCount "52"]
[EventDate "2022.11.13"]
[EventRounds "9"]
[EventCountry "ALG"]

1. d4 Nf6 2. Bf4 d5 3. e3 c5 4. c3 Nc6 5. Nd2 e6 6. Ngf3 Bd6 7. Bg3 Qe7 8. Ne5 O-O
9. Bd3 c4 10. Bb1 Bxe5 11. dxe5 Nd7 12. Qc2 g6 13. f4 f6 14. exf6 Nxf6 15. O-O e5
16. e4 Ng4 17. Rf3 exf4 18. Bf2 Nce5 19. Bd4 Nxf3+ 20. Nxf3 Ne3 21. Qe2 dxe4 22.
Ne5 Bf5 23. Nxc4 Nxc4 24. Qxc4+ Be6 25. Qe2 Bd5 26. Bd3 Qe6  0-1

[Event "African Junior Chess Championship 2022 - Open"]
[Site "Hotel Raya - Tichy - Bejaia "]
[Date "2022.11.14"]
[Round "2"]
[Board "1"]
[White "Hallal, Tarik"]
[Black "Brahami, Lamine"]
[Result "1/2-1/2"]
[WhiteElo "1890"]
[BlackElo "2210"]
[PlyCount "68"]
[EventDate "2022.11.13"]
[EventRounds "9"]
[EventCountry "ALG"]

1. e4 c5 2. d4 cxd4 3. c3 d5 4. exd5 Qxd5 5. cxd4 Nc6 6. Nf3 Bg4 7. Nc3 Qa5 8. d5
Rd8 9. Bd2 Nb8 10. Nb5 Bxf3 11. gxf3 Qb6 12. Qa4 Rd7 13. Ba5 Qf6 14. Nc7+ Kd8 15.
Na6+ b6 16. Nxb8 Qe5+ 17. Be2 Qxb8 18. Bb4 Nf6 19. O-O e6 20. dxe6 fxe6 21. Rfd1
Nd5 22. Bb5 Rf7 23. Bc6 Rf5 24. Bxd5 exd5 25. Rac1 Bxb4 26. Qxb4 Re8 27. Qh4+ Kd7
28. Qa4+ Kd8 29. Qc6 Ree5 30. f4 Rxf4 31. Rxd5+ Rxd5 32. Qxd5+ Ke7 33. Rc6 Rf6 34.
Qe4+ Kf7  1/2-1/2

[Event "African Junior Chess Championship 2022 - Open"]
[Site "Hotel Raya - Tichy - Bejaia "]
[Date "2022.11.14"]
[Round "2"]
[Board "3"]
[White "Karsten, Jan"]
[Black "Zane, Rayane"]
[Result "1/2-1/2"]
[WhiteElo "2058"]
[BlackElo "2032"]
[PlyCount "55"]
[EventDate "2022.11.13"]
[EventRounds "9"]
[EventCountry "ALG"]

1. e4 c5 2. Nf3 d6 3. Bb5+ Bd7 4. Bxd7+ Nxd7 5. O-O Ngf6 6. Qe2 e6 7. d4 cxd4 8.
Nxd4 Nc5 9. f3 Be7 10. c4 O-O 11. Nc3 Rc8 12. Be3 a6 13. Rfd1 Qe8 14. b3 Bd8 15.
Bf2 h6 16. Rac1 Bc7 17. Nc2 b6 18. Rd2 Qe7 19. Nb4 Qe8 20. Bg3 Nh5 21. Bxd6 Bxd6
22. Rxd6 Qe7 23. Qd2 Nb7 24. Rxb6 Qc5+ 25. Qf2 Qg5 26. Rxb7 Qxc1+ 27. Qf1 Qxc3 28.
Nxa6  1/2-1/2

[Event "African Junior Chess Championship 2022 - Open"]
[Site "Hotel Raya - Tichy - Bejaia "]
[Date "2022.11.14"]
[Round "2"]
[Board "4"]
[White "Oluka, Robert Mcligeyo"]
[Black "Bidi, Abdeljalil"]
[Result "1/2-1/2"]
[WhiteElo "1786"]
[BlackElo "1777"]
[PlyCount "97"]
[EventDate "2022.11.13"]
[EventRounds "9"]
[EventCountry "ALG"]

1. d4 Nf6 2. Nc3 d5 3. Bf4 e6 4. Nb5 Bd6 5. Nxd6+ cxd6 6. e3 Nc6 7. Nf3 Qc7 8. Be2
O-O 9. O-O e5 10. Bg5 Be6 11. c4 Ne7 12. c5 e4 13. cxd6 Qxd6 14. Ne5 Nd7 15. Nxd7
Qxd7 16. Rc1 Ng6 17. Qd2 h6 18. Bf4 Nxf4 19. exf4 Rac8 20. Qa5 a6 21. Qb6 f5 22.
b4 Rf6 23. Rc5 Bf7 24. Qa7 Rfc6 25. Bd1 Rxc5 26. bxc5 Qc7 27. Be2 Be8 28. g3 Bc6
29. Rb1 Qa5 30. Rxb7 Bxb7 31. Qxb7 Qd8 32. Bxa6 Rb8 33. Qc6 Kh8 34. Bb5 Qe7 35. a4
e3 36. fxe3 Qxe3+ 37. Kg2 Qxd4 38. Qd6 Rc8 39. c6 Qe4+ 40. Kh3 d4 41. Qd7 Qe8 42.
Qxd4 Rd8 43. Qf2 Qh5+ 44. Kg2 Qd1 45. c7 Qd5+ 46. Qf3 Qxf3+ 47. Kxf3 Rc8 48. Bd7
Rxc7 49. Bxf5  1/2-1/2

[Event "African Junior Chess Championship 2022 - Open"]
[Site "Hotel Raya - Tichy - Bejaia "]
[Date "2022.11.14"]
[Round "2"]
[Board "5"]
[White "Emmanuel, Joy Idara"]
[Black "Abdellahi, Khaled Abdellahi"]
[Result "1-0"]
[WhiteElo "2114"]
[BlackElo "1629"]
[PlyCount "57"]
[EventDate "2022.11.13"]
[EventRounds "9"]
[EventCountry "ALG"]

1. e4 c5 2. c3 Nf6 3. e5 Nd5 4. d4 cxd4 5. Nf3 Nc6 6. cxd4 d6 7. Bc4 Nb6 8. Bb5 dxe5
9. Nxe5 Bd7 10. Nxd7 Qxd7 11. Nc3 Rd8 12. Be3 e6 13. Qf3 Be7 14. O-O O-O 15. Rfd1
Nd5 16. Rac1 a6 17. Bd3 Ncb4 18. Bb1 Rfe8 19. h4 Nxe3 20. fxe3 Bd6 21. Ne4 Rc8 22.
Nxd6 Rxc1 23. Rxc1 Qxd6 24. Qxb7 Qg3 25. Rf1 Qxe3+ 26. Kh1 f5 27. Qxb4 Rc8 28. Qe7
h6 29. Bxf5  1-0

[Event "African Junior Chess Championship 2022 - Open"]
[Site "Hotel Raya - Tichy - Bejaia "]
[Date "2022.11.14"]
[Round "2"]
[Board "6"]
[White "Nhamuave, Eleazar"]
[Black "Babahammou, Otmane"]
[Result "1-0"]
[WhiteElo "1706"]
[BlackElo "1328"]
[PlyCount "75"]
[EventDate "2022.11.13"]
[EventRounds "9"]
[EventCountry "ALG"]

1. d4 Nf6 2. c4 e6 3. Nf3 d5 4. g3 dxc4 5. Qa4+ c6 6. Qxc4 Be7 7. Bg2 Nbd7 8. O-O
O-O 9. Nc3 Nb6 10. Qb3 Nbd5 11. Ne5 Nxc3 12. bxc3 h6 13. a4 a5 14. Rb1 Ra6 15. Ba3
Bxa3 16. Qxa3 Qc7 17. Rb2 Nd7 18. Nd3 Re8 19. f4 b6 20. c4 c5 21. d5 exd5 22. cxd5
Nf6 23. Ne5 Bf5 24. Qb3 Rxe5 25. fxe5 Qxe5 26. d6 Bc8 27. Rd2 Qe6 28. Qxe6 Bxe6 29.
Rxf6 gxf6 30. d7 Bxd7 31. Rxd7 Kf8 32. Bd5 Kg7 33. Bxf7 Kf8 34. Bc4 Ra8 35. Rf7+
Ke8 36. Rxf6 Rb8 37. Rxh6 Ke7 38. g4  1-0

[Event "African Junior Chess Championship 2022 - Open"]
[Site "Hotel Raya - Tichy - Bejaia "]
[Date "2022.11.14"]
[Round "2"]
[Board "7"]
[White "Adrar, Sofiane"]
[Black "Zouari, Mohanned"]
[Result "1-0"]
[WhiteElo "1654"]
[BlackElo "1661"]
[PlyCount "55"]
[EventDate "2022.11.13"]
[EventRounds "9"]
[EventCountry "ALG"]

1. e4 g6 2. Nf3 Bg7 3. d4 d6 4. Bc4 e6 5. Nc3 Nd7 6. Bg5 Ne7 7. Qd2 h6 8. Be3 b6
9. O-O-O Bb7 10. h4 a6 11. Bd3 b5 12. h5 g5 13. Nh2 c5 14. dxc5 dxc5 15. Be2 b4 16.
Na4 Bxe4 17. Qxd7+ Qxd7 18. Rxd7 Kxd7 19. Nxc5+ Kc6 20. Nxe4 f5 21. Nc5 e5 22. Ne6
Bf6 23. Bc4 e4 24. g3 Rac8 25. Rd1 Be5 26. Bc5 Kb7 27. Rd7+ Kb8 28. Rxe7  1-0

[Event "African Junior Chess Championship 2022 - Open"]
[Site "Hotel Raya - Tichy - Bejaia "]
[Date "2022.11.14"]
[Round "3"]
[Board "1"]
[White "Mohamed Abderrahim, Taleb Mohamed"]
[Black "Brahami, Lamine"]
[Result "0-1"]
[WhiteElo "2064"]
[BlackElo "2210"]
[PlyCount "68"]
[EventDate "2022.11.13"]
[EventRounds "9"]
[EventCountry "ALG"]

1. e4 c5 2. c3 d5 3. exd5 Qxd5 4. Nf3 Nf6 5. Na3 Nc6 6. d4 Bg4 7. Be2 O-O-O 8. O-O
e6 9. Nc2 Qd7 10. Be3 Qc7 11. Qe1 Nd5 12. dxc5 Nxe3 13. Nxe3 Bxf3 14. Bxf3 Ne5 15.
Qe2 Bxc5 16. Rad1 h5 17. a4 g5 18. b4 Bd6 19. g3 f5 20. Bxh5 Qh7 21. f4 gxf4 22.
gxf4 Qxh5 23. Qxh5 Rxh5 24. fxe5 Bxe5 25. Rf2 Rh3 26. Re2 Bf4 27. Rxd8+ Kxd8 28.
Nf1 Kd7 29. Rc2 Be5 30. c4 Rc3 31. Rd2+ Ke7 32. c5 Rc4 33. b5 Bd4+ 34. Kg2 Bxc5  0-1

[Event "African Junior Chess Championship 2022 - Open"]
[Site "Hotel Raya - Tichy - Bejaia "]
[Date "2022.11.14"]
[Round "3"]
[Board "2"]
[White "Bidi, Abdeljalil"]
[Black "Karsten, Jan"]
[Result "1/2-1/2"]
[WhiteElo "1777"]
[BlackElo "2058"]
[PlyCount "124"]
[EventDate "2022.11.13"]
[EventRounds "9"]
[EventCountry "ALG"]

1. e4 c5 2. Nf3 d6 3. d4 cxd4 4. Nxd4 Nf6 5. Nc3 a6 6. Be2 e5 7. Nb3 Be7 8. O-O O-O
9. Kh1 Nc6 10. f4 Re8 11. f5 b5 12. a4 b4 13. Nd5 Nxd5 14. Qxd5 Bb7 15. Bc4 Rf8 16.
a5 Qc7 17. Qd3 Nd4 18. Nxd4 exd4 19. f6 Bxf6 20. Rxf6 gxf6 21. Bh6 Kh8 22. Qxd4 Qe7
23. Bxf8 Rxf8 24. Bd3 Re8 25. Rf1 Kg7 26. Qxb4 Bxe4 27. Bxe4 Qxe4 28. Qxd6 Re6 29.
Qg3+ Kh8 30. Rd1 Re8 31. Qc3 Kg7 32. h3 Re5 33. Rf1 h5 34. b4 Re6 35. Qg3+ Kh7 36.
c3 h4 37. Qg4 Qxg4 38. hxg4 Rc6 39. Rf3 Kg6 40. Kh2 Rc7 41. Kh3 Rc4 42. Kxh4 f5 43.
Rxf5 Rxc3 44. Rc5 Rb3 45. Rc6+ Kg7 46. Rxa6 Rxb4 47. Kh3 Ra4 48. Ra8 Ra3+ 49. g3
Ra1 50. a6 Ra2 51. a7 Ra1 52. Kg2 Ra2+ 53. Kf3 Ra3+ 54. Kf4 Ra4+ 55. Kf5 Ra5+ 56.
Ke4 Ra4+ 57. Kd5 Ra1 58. g5 Rd1+ 59. Kc4 Rc1+ 60. Kb3 Ra1 61. g4 Ra6 62. Kb4 Ra1
 1/2-1/2

[Event "African Junior Chess Championship 2022 - Open"]
[Site "Hotel Raya - Tichy - Bejaia "]
[Date "2022.11.14"]
[Round "3"]
[Board "3"]
[White "Zane, Rayane"]
[Black "Hallal, Tarik"]
[Result "0-1"]
[WhiteElo "2032"]
[BlackElo "1890"]
[PlyCount "67"]
[EventDate "2022.11.13"]
[EventRounds "9"]
[EventCountry "ALG"]

1. d4 Nf6 2. c4 g6 3. Nc3 Bg7 4. Nf3 O-O 5. Bf4 d6 6. h3 Nbd7 7. e3 b6 8. Be2 Bb7
9. O-O Re8 10. Qc2 e5 11. Bh2 exd4 12. exd4 Ne4 13. Rad1 Nxc3 14. bxc3 Qe7 15. Rde1
Nf6 16. Bd3 Qd7 17. Nd2 a5 18. f3 Rxe1 19. Rxe1 Re8 20. Qb1 Bh6 21. Ne4 Nxe4 22.
Bxe4 Bxe4 23. fxe4 Qa4 24. Qb5 Qxb5 25. cxb5 Bd2 26. Rd1 Be3+ 27. Kf1 Rxe4 28. Re1
f5 29. g4 Kf7 30. gxf5 gxf5 31. Kg2 Bf4 32. Rd1 Re2+ 33. Kf3 Rxh2 34. Kxf4  0-1

[Event "African Junior Chess Championship 2022 - Open"]
[Site "Hotel Raya - Tichy - Bejaia "]
[Date "2022.11.14"]
[Round "3"]
[Board "4"]
[White "Adrar, Sofiane"]
[Black "Emmanuel, Joy Idara"]
[Result "0-1"]
[WhiteElo "1654"]
[BlackElo "2114"]
[PlyCount "82"]
[EventDate "2022.11.13"]
[EventRounds "9"]
[EventCountry "ALG"]

1. e4 c5 2. Nf3 d6 3. d4 cxd4 4. Nxd4 Nf6 5. Nc3 a6 6. Bg5 e6 7. f4 Be7 8. Qf3 Qc7
9. O-O-O Nbd7 10. g4 h6 11. Bxf6 Bxf6 12. h4 Nb6 13. g5 Bxd4 14. Rxd4 Qc5 15. Rd2
Bd7 16. g6 fxg6 17. Qg4 O-O-O 18. Qxg6 Qe3 19. Qg1 Qxg1 20. Rxg1 Rhf8 21. f5 exf5
22. Rxd6 Bc6 23. Re6 fxe4 24. Nxe4 Nd7 25. Bd3 Rf4 26. Nd6+ Kb8 27. Rxg7 Rxh4 28.
Nf7 Rh1+ 29. Kd2 Rf8 30. Nxh6 Nc5 31. Rd6 Na4 32. b3 Rf2+ 33. Ke3 Rf3+ 34. Kd4 Rh4+
35. Rg4 Rxg4+ 36. Nxg4 Rf4+ 37. Ke5 Rxg4 38. bxa4 Rxa4 39. Ke6 Rxa2 40. Bc4 Rxc2
41. Bb3 Re2+  0-1

[Event "African Junior Chess Championship 2022 - Open"]
[Site "Hotel Raya - Tichy - Bejaia "]
[Date "2022.11.14"]
[Round "3"]
[Board "6"]
[White "Zouari, Mohanned"]
[Black "Oluka, Robert Mcligeyo"]
[Result "0-1"]
[WhiteElo "1661"]
[BlackElo "1786"]
[PlyCount "64"]
[EventDate "2022.11.13"]
[EventRounds "9"]
[EventCountry "ALG"]

1. e4 e5 2. Nf3 Nc6 3. Bc4 Bc5 4. Nc3 Nf6 5. d3 O-O 6. Bg5 h6 7. Bh4 Be7 8. O-O d6
9. h3 Kh8 10. a3 Ng8 11. Bxe7 Ngxe7 12. d4 f5 13. d5 Nb8 14. Nh4 f4 15. Be2 g5 16.
Nf3 Nd7 17. Nh2 Nf6 18. Ng4 Nxg4 19. Bxg4 Ng6 20. f3 Bd7 21. Bxd7 Qxd7 22. Qd3 a6
23. Nd1 h5 24. Nf2 Nh4 25. c4 Rab8 26. Rac1 Rf7 27. Rc2 Rg8 28. Qd2 g4 29. hxg4 hxg4
30. Nxg4 Rxg4 31. fxg4 Qxg4 32. Rf2 f3  0-1

[Event "African Junior Chess Championship 2022 - Open"]
[Site "Hotel Raya - Tichy - Bejaia "]
[Date "2022.11.15"]
[Round "4"]
[Board "1"]
[White "Brahami, Lamine"]
[Black "Bidi, Abdeljalil"]
[Result "1-0"]
[WhiteElo "2210"]
[BlackElo "1777"]
[PlyCount "44"]
[EventDate "2022.11.13"]
[EventRounds "9"]
[EventCountry "ALG"]

1. d4 d5 2. c4 e6 3. Nc3 Nf6 4. Bg5 Be7 5. e3 h6 6. Bh4 c6 7. Qc2 O-O 8. Nf3 Nbd7
9. cxd5 exd5 10. Bd3 Re8 11. O-O Ne4 12. Bxe7 Qxe7 13. b4 Ndf6 14. Rab1 a6 15. Na4
Qc7 16. Ne5 Nd6 17. Rfc1 b5 18. Qxc6 Qxc6 19. Rxc6 Nc4 20. Nb6 Bb7 21. Rc7 Rab8 22.
Nbd7 Re7  1-0

[Event "African Junior Chess Championship 2022 - Open"]
[Site "Hotel Raya - Tichy - Bejaia "]
[Date "2022.11.15"]
[Round "4"]
[Board "2"]
[White "Hallal, Tarik"]
[Black "Mohamed Abderrahim, Taleb Mohamed"]
[Result "1/2-1/2"]
[WhiteElo "1890"]
[BlackElo "2064"]
[PlyCount "72"]
[EventDate "2022.11.13"]
[EventRounds "9"]
[EventCountry "ALG"]

1. e4 e5 2. Nf3 Nc6 3. Bc4 Nf6 4. d3 Bc5 5. c3 a6 6. O-O d6 7. a4 Ba7 8. Re1 h6 9.
b4 O-O 10. h3 Be6 11. Bb3 Re8 12. Nbd2 Qd7 13. Bxe6 Rxe6 14. b5 Ne7 15. bxa6 bxa6
16. Nc4 Ng6 17. Qc2 Rae8 18. Ne3 Nf4 19. Nf5 N6h5 20. Kh2 d5 21. g4 dxe4 22. dxe4
Nf6 23. Bxf4 exf4 24. e5 Qd5 25. exf6 Qxf3 26. Ne7+ R6xe7 27. Rxe7 Rd8 28. Rd1 Qxd1
29. Re8+ Rxe8 30. Qxd1 gxf6 31. Kg2 Kg7 32. Kf3 Bc5 33. Qd2 Bd6 34. Qd3 a5 35. Qb5
Re5 36. Qd3 Rc5  1/2-1/2

[Event "African Junior Chess Championship 2022 - Open"]
[Site "Hotel Raya - Tichy - Bejaia "]
[Date "2022.11.15"]
[Round "4"]
[Board "3"]
[White "Emmanuel, Joy Idara"]
[Black "Nhamuave, Eleazar"]
[Result "1/2-1/2"]
[WhiteElo "2114"]
[BlackElo "1706"]
[PlyCount "71"]
[EventDate "2022.11.13"]
[EventRounds "9"]
[EventCountry "ALG"]

1. e4 e5 2. Nf3 Nc6 3. Bb5 Nf6 4. d3 Bc5 5. c3 O-O 6. O-O d5 7. Qe2 dxe4 8. dxe4
Qe7 9. Bg5 a6 10. Ba4 b5 11. Bb3 Be6 12. Nbd2 h6 13. Be3 Bxe3 14. Qxe3 Rfd8 15. Rfd1
Bg4 16. h3 Bh5 17. Nf1 Na5 18. Ng3 Bg6 19. Nd2 c5 20. Bc2 Nd5 21. Qf3 Nf4 22. Ne2
Ne6 23. Qg3 Qg5 24. Qxg5 hxg5 25. Bb3 Nxb3 26. axb3 f6 27. f3 Rd6 28. Nf1 Rad8 29.
Rxd6 Rxd6 30. Kf2 Bf7 31. Ne3 Nf4 32. Nxf4 gxf4 33. Nd5 Bxd5 34. Rd1 c4 35. b4 Kf7
36. exd5  1/2-1/2

[Event "African Junior Chess Championship 2022 - Open"]
[Site "Hotel Raya - Tichy - Bejaia "]
[Date "2022.11.15"]
[Round "4"]
[Board "4"]
[White "Karsten, Jan"]
[Black "Oluka, Robert Mcligeyo"]
[Result "1/2-1/2"]
[WhiteElo "2058"]
[BlackElo "1786"]
[PlyCount "23"]
[EventDate "2022.11.13"]
[EventRounds "9"]
[EventCountry "ALG"]

1. e4 e5 2. Nf3 Nc6 3. Bc4 Bc5 4. c3 Nf6 5. d3 O-O 6. O-O d5 7. exd5 Nxd5 8. Re1
Bg4 9. Nbd2 Nb6 10. h3 Bh5 11. Bb3 Qxd3 12. Ne4  1/2-1/2

[Event "African Junior Chess Championship 2022 - Open"]
[Site "Hotel Raya - Tichy - Bejaia "]
[Date "2022.11.15"]
[Round "4"]
[Board "5"]
[White "Lutuima, Amaro"]
[Black "Zane, Rayane"]
[Result "1-0"]
[WhiteElo "2049"]
[BlackElo "2032"]
[PlyCount "61"]
[EventDate "2022.11.13"]
[EventRounds "9"]
[EventCountry "ALG"]

1. e4 c5 2. Nf3 d6 3. d4 cxd4 4. Nxd4 Nf6 5. Nc3 a6 6. f3 e5 7. Nb3 Be7 8. Bg5 Be6
9. Qd2 Nbd7 10. h4 h6 11. Be3 h5 12. Nd5 Nxd5 13. exd5 Bf5 14. Bg5 Rc8 15. c4 Bf6
16. Na5 O-O 17. Bxf6 Nxf6 18. b4 e4 19. Qd4 Qe8 20. Kf2 Qa4 21. a3 Rfe8 22. Kg1 Qc2
23. Rh2 Bg6 24. g4 Qa4 25. g5 Nh7 26. f4 e3 27. Nxb7 Re4 28. Qd1 Qxd1 29. Rxd1 Rxf4
30. Nxd6 Rf8 31. Be2  1-0

[Event "African Junior Chess Championship 2022 - Open"]
[Site "Hotel Raya - Tichy - Bejaia "]
[Date "2022.11.15"]
[Round "4"]
[Board "7"]
[White "Junior, Domingos"]
[Black "Zouari, Mohanned"]
[Result "1-0"]
[WhiteElo "2072"]
[BlackElo "1661"]
[PlyCount "79"]
[EventDate "2022.11.13"]
[EventRounds "9"]
[EventCountry "ALG"]

1. e4 g6 2. d4 Bg7 3. Nc3 d6 4. Bc4 e6 5. f3 Nd7 6. Be3 b6 7. Nge2 Bb7 8. Qd2 h6
9. g4 Ne7 10. Bb3 a6 11. Nf4 Nf8 12. O-O-O Qd7 13. h4 O-O-O 14. Rhg1 Kb8 15. Qf2
Qc8 16. Nfe2 Nd7 17. f4 c5 18. dxc5 Nxc5 19. Bd4 Bxd4 20. Qxd4 Nc6 21. Qf6 Nxb3+
22. axb3 Qc7 23. Nd4 h5 24. f5 Nxd4 25. Rxd4 Qc5 26. b4 Qe5 27. Qxe5 dxe5 28. Rxd8+
Rxd8 29. fxg6 fxg6 30. gxh5 gxh5 31. Rg5 Rd4 32. Rxe5 Rxb4 33. Rxe6 Kc7 34. Re7+
Kc8 35. b3 Rd4 36. Re5 b5 37. Rxh5 b4 38. Nd5 Bxd5 39. Rxd5 Rxe4 40. Rc5+  1-0

[Event "African Junior Chess Championship 2022 - Open"]
[Site "Hotel Raya - Tichy - Bejaia "]
[Date "2022.11.15"]
[Round "4"]
[Board "8"]
[White "Babahammou, Otmane"]
[Black "Abdellahi, Khaled Abdellahi"]
[Result "0-1"]
[WhiteElo "1328"]
[BlackElo "1629"]
[PlyCount "56"]
[EventDate "2022.11.13"]
[EventRounds "9"]
[EventCountry "ALG"]

1. e4 c5 2. Nf3 Nc6 3. d4 cxd4 4. Nxd4 g6 5. Nc3 Bg7 6. Be3 Nf6 7. f3 O-O 8. Qd2
d5 9. Nxc6 bxc6 10. O-O-O Qa5 11. Bh6 d4 12. Nb1 Bxh6 13. Qxh6 Rb8 14. Qd2 Qxa2 15.
Qxd4 Be6 16. Qc3 Rb6 17. Qa3 Rfb8 18. Qxa2 Bxa2 19. b3 Bxb1 20. Kxb1 a5 21. Bc4 Ne8
22. e5 a4 23. Rd7 axb3 24. cxb3 Kf8 25. Rhd1 R6b7 26. Rxb7 Rxb7 27. e6 Nd6 28. exf7
Nxc4  0-1

[Event "African Junior Chess Championship 2022 - Open"]
[Site "Hotel Raya - Tichy - Bejaia "]
[Date "2022.11.16"]
[Round "5"]
[Board "1"]
[White "Brahami, Lamine"]
[Black "Emmanuel, Joy Idara"]
[Result "1-0"]
[WhiteElo "2210"]
[BlackElo "2114"]
[PlyCount "57"]
[EventDate "2022.11.13"]
[EventRounds "9"]
[EventCountry "ALG"]

1. d4 Nf6 2. c4 g6 3. Nc3 Bg7 4. e4 d6 5. Be2 O-O 6. Nf3 e5 7. O-O Nbd7 8. d5 Nc5
9. Qc2 a5 10. Ne1 Ne8 11. b3 f5 12. f3 f4 13. a3 g5 14. Rb1 Bd7 15. b4 axb4 16. axb4
Na4 17. Nd3 h5 18. c5 Nxc3 19. Qxc3 Bb5 20. Bb2 Nf6 21. Nxf4 Bxe2 22. Nxe2 g4 23.
Ng3 Rf7 24. Nf5 Nxd5 25. Qb3 Nf4 26. fxg4 Qg5 27. Rxf4 Qxf4 28. Rf1 Qxe4 29. Ne7+
 1-0

[Event "African Junior Chess Championship 2022 - Open"]
[Site "Hotel Raya - Tichy - Bejaia "]
[Date "2022.11.16"]
[Round "5"]
[Board "2"]
[White "Nhamuave, Eleazar"]
[Black "Hallal, Tarik"]
[Result "1/2-1/2"]
[WhiteElo "1706"]
[BlackElo "1890"]
[PlyCount "58"]
[EventDate "2022.11.13"]
[EventRounds "9"]
[EventCountry "ALG"]

1. d4 Nf6 2. c4 g6 3. g3 Bg7 4. Bg2 O-O 5. Nf3 d6 6. Nc3 Nbd7 7. O-O e5 8. dxe5 dxe5
9. Bg5 h6 10. Bd2 c6 11. Qc2 Qe7 12. e4 a6 13. a4 a5 14. h3 Ne8 15. Be3 Nc7 16. Rad1
Ne6 17. Qd2 Kh7 18. Qd6 Qf6 19. Qd2 Qe7 20. Qd6 Qxd6 21. Rxd6 Ndc5 22. Rfd1 Re8 23.
h4 Nb3 24. Bh3 Ned4 25. Bxc8 Raxc8 26. Kg2 Rc7 27. Bxd4 exd4 28. Ne2 d3 29. R6xd3
Nc5  1/2-1/2